000 00950nam a22002177a 4500
003 OSt
005 20191112093602.0
008 150408b2012 slv spa
040 _cBMC
082 _a005.8
100 1 _934379
_aLemus Lemus, Juan Francisco
245 1 0 _aPasantía en La Central de Seguros y Fianzas S.A.
_b: Informe final
_cJuan Francisco Lemus Lemus
260 _aSanta Ana (El Salvador)
_bUniversidad Católica de El Salvador
_c2012
300 _a55 h.
_bil. col.
_c27 cm
_e+ 1 disco compacto
500 _aPrecede al tít.: Universidad Católica de El Salvador, Facultad de Ingeniería y Arquitectura
501 _aPeríodo de realización del 12 de septiembre de 2011 al 09 de marzo de 2012
502 _aPara optar al título de Ingeniero en Sistemas Informáticos
650 2 4 _91950
_aSeguridad informática
710 2 _91166
_aUniversidad Católica de El Salvador
_bFacultad de Ingeniería y Arquitectura
942 _2ddc
_cTG
999 _c20928
_d20928